Henry James: the patrait of a lady

Saved in:
Bibliographic Details
Main Author: Poirier, Richard (Author)
Format: Book
Language:English
Published: Washington, D.C Forum editor 1950
Series:The American novel series, 5
Subjects:
Tags: Add Tag
No Tags, Be the first to tag this record!

MARC

LEADER 00000nam a2200000 a 4500
001 UCX3404
003 CL-VaPUC
005 20201106142533.0
008 911104e19500000US |||||||||||||||||eng|d
999 |c 224173  |d 224171 
040 |c Pontificia Universidad Católica de Valparaíso 
082 0 4 |a 813.09  |b POI  |2 21 
100 0 |a Poirier, Richard  |e author  |9 319560 
245 1 0 |a Henry James: the patrait of a lady 
260 |a Washington, D.C  |b Forum editor  |c 1950 
300 |a 10 p 
490 0 |a The American novel series, 5 
583 |a last modification  |c 19911104 00:00:00  |k Rodrigo Vera 
600 0 |a James, Henry  |d 1843-1916  |9 857964 
852 |a BIBCUR 
942 |c BK  |2 ddc 
945 |d 19911104 00:00:00